000 00563nam a2200217Ia 4500
003 OSt
005 20230602120855.0
008 210423s2003 xx 000 0 und d
040 _cAL
041 _aeng
082 _a340
_223
_bPULP
100 _aPULIANI (Sathpal),Ed
_9118924
245 _aPersons with disabilities act 1995
260 _aBangalore
_bJournal Publications
_c2003
300 _bPB
365 _b100
_cINR
650 _aLaw
_9118925
650 _aSocial Sciences
_9118926
906 _a1995 ; act ; disabilities ; Persons
942 _2ddc
_cBK
999 _c174800
_d174800